[Event "16th Delhi GM Open 2018"]
[Site "Delhi"]
[Date "2018.01.14"]
[Round "8"]
[White "Tiviakov, Sergei"]
[Black "Harsha Bharathakoti"]
[Result "1-0"]
[WhiteElo "2584"]
[BlackElo "2451"]
[Annotator "TA"]
[PlyCount "53"]
[EventDate "2018.??.??"]
[EventType "swiss"]
[EventCountry "IND"]
[SourceTitle "playchess.com"]
[Source "ChessBase"]
[SourceQuality "1"]

{[%evp 19,53,16,24,26,21,25,22,0,0,0,8,0,89,81,143,102,117,110,115,63,128,113,359,359,629,643,1569,1677,1677,1670,29989,1665,1608,1566,1657,1626]} 1. e4 c5 2. Nc3 e6 3. Nge2 {[%cal Bg1e2,Be2d4,Bd4b3][%mdl 32]} Nc6 {[%cal Bb8c6,Bc6e5,Be5c4][%mdl 32]} 4. d4 cxd4 5. Nxd4 Qc7 6. g3 a6 7. Bg2 Nge7 8. Nb3 {B47: Sizilianisch (Paulsen/Taimanow-Variante)} Ne5 9. O-O (9. f4 Nc4 10. Qd3 b5 11. Nd4 Bb7 12. b3 Nd6 13. a3 Nc6 14. Bb2 Nxd4 15. Qxd4 Rc8 {½-½ (39) Kryvoruchko,Y (2693)-Adhiban,B (2671) Monzon 2016}) 9... b5 10. f4 Nc4 $1 {LiveBook: 3 Partien} 11. Nd4 Nc6 $146 ({Vorgänger:} 11... Bb7 12. b3 Nb6 13. Qd3 Nc6 14. Be3 Nxd4 15. Qxd4 Rc8 16. Nxb5 axb5 17. Qxb6 Qxb6 18. Bxb6 Rxc2 {1-0 (30) Ibarra Jerez,J (2561)-Garcia Blanco,O (2241) Las Palmas 2017}) 12. Nxc6 Qxc6 13. e5 Qb6+ 14. Kh1 $1 Bb7 15. Ne4 Bd5 (15... Rc8 $11) 16. b3 $36 {[%mdl 2048] Weiss hat starke Initiative.} Qc6 ({Besser ist} 16... Ne3 17. Bxe3 Qxe3) 17. Qe2 Nb6 18. Bb2 Rc8 19. Rac1 ({Günstiger ist} 19. Bd4 $16) 19... Be7 {[#]} (19... Bc5 $1 $14) 20. f5 $1 $16 exf5 $2 (20... h6 $16 {war angesagt.}) 21. Nd6+ $1 $18 ({Schwächer ist} 21. Rxf5 O-O $14) 21... Bxd6 $2 (21... Kf8 22. Nxc8 Nxc8 23. Rxf5 Ke8 24. Bxd5 Qxd5+ 25. Qf3 Nb6 26. Qxd5 Nxd5) 22. exd6+ Kf8 {[#]} 23. Qe7+ $1 Kg8 24. Rxf5 {Droht Matt per Dg5.} Bxg2+ 25. Kg1 {[%csl Gf5][%cal Re7f7]} Bd5 26. Rg5 {[%csl Gb2][%cal Rg5g7]} Qc5+ 27. Kf1 {Precision: Weiß = 77%, Schwarz = 41%.} 1-0

[Event "16th Delhi GM Open 2018"]
[Site "Delhi"]
[Date "2018.01.14"]
[Round "8"]
[White "David, Alberto"]
[Black "Dzhumaev, Marat"]
[Result "1/2-1/2"]
[WhiteElo "2553"]
[BlackElo "2434"]
[Annotator "TA"]
[PlyCount "88"]
[EventDate "2018.??.??"]
[EventType "swiss"]
[EventCountry "IND"]
[SourceTitle "playchess.com"]
[Source "ChessBase"]
[SourceQuality "1"]

{[%evp 17,88,18,40,38,43,29,28,41,34,38,35,39,27,43,34,0,0,0,19,14,18,15,12,2,2,3,7,2,12,0,24,13,20,18,23,43,32,41,48,0,0,0,0,0,0,0,0,0,0,0,0,0,0,0,0,0,0,0,0,-22,0,0,29972,29971,984,343,339,338,287,0,0,0,-10]} 1. e4 c5 2. Nf3 d6 3. Bb5+ Nd7 4. c3 Ngf6 5. Qe2 a6 6. Ba4 b5 7. Bc2 Bb7 {B51: Sicilian: Moscow Variation (3 Bb5+) without 3...Bd7} 8. d4 (8. O-O e6 9. d4 Be7 10. Nbd2 O-O 11. Re1 Qc7 12. Nf1 Rac8 13. Bb1 cxd4 14. cxd4 e5 15. d5 b4 16. Be3 Nc5 {0-1 (49) Anton Guijarro,D (2666)-Salem,A (2638) Riadh 2017}) 8... cxd4 9. cxd4 Rc8 {LiveBook: 3 Games. White must now prevent ...Qc7.} 10. O-O Rxc2 11. Qxc2 {And now Re1 would win.} Bxe4 12. Qe2 Bb7 $146 ({Predecessor:} 12... e6 13. Bf4 Be7 14. Nbd2 Bb7 15. Rfc1 {1-0 (45) Coro,L (2080)-Tomas Falcon,J (2140) Villa Martelli 2016}) 13. Bd2 e6 14. a4 bxa4 15. Rxa4 Be7 16. Na3 O-O 17. Rc1 Qb8 18. Nc4 Bc6 19. Raa1 Bb5 20. Qe1 Nb6 21. Nxb6 Qxb6 22. Ba5 Qb8 $1 23. Ng5 {Nxe6! is the strong threat.} Bd7 24. Rc7 Qxb2 25. Rb1 Qxd4 26. Bc3 Qd5 27. Bxf6 Bxf6 28. Ne4 Bc6 29. Nxf6+ gxf6 {[%csl Gc6][%cal Rd5g2]} 30. f3 {Strongly threatening Rd1.} Bb5 31. Qg3+ Kh8 $1 32. Rbc1 {Threatens to win with Rxf7!} Rg8 33. Rc8 {[%csl Gg3][%cal Rc8g8]} Qg5 34. Rxg8+ Kxg8 $11 {[%mdl 4096] Endgame KQR-KQB} 35. Rc8+ Kg7 $1 36. Qe1 Qe5 {[%cal Re5e1]} 37. Qd2 d5 {[%cal Bd6d5,Bd5d4][%mdl 32]} 38. h4 d4 39. Qb4 f5 $2 {[%mdl 8192] [#]} (39... Qe3+ $11 40. Kh2 Qf4+ 41. Kh3 Qf5+ 42. Kh2 Qe5+ 43. Kh3 Qf5+ 44. Kh2 Qe5+ 45. Kh3 Qf5+) 40. Qf8+ $1 Kg6 41. h5+ $2 (41. Qe7 {[%csl Gh4][%cal Re7g5]} Qe3+ 42. Kh2) 41... Kxh5 $18 42. Qxf7+ Kh6 {[#]} 43. Rg8 $2 ({White has to play} 43. Qe7 $1 $18 {[%cal Re7h4] Intending Qh4+ and mate.} Qe1+ 44. Kh2 Qe5+ 45. Kh3) 43... Qe1+ $11 44. Kh2 {Threatening mate with Qg7+.} Qh4+ {Precision: White = 59%, Black = 68%.} 1/2-1/2

[Event "16th Delhi GM Open 2018"]
[Site "Delhi"]
[Date "2018.01.14"]
[Round "8"]
[White "Sivuk, Vitaly"]
[Black "Akash Pc, Iyer"]
[Result "0-1"]
[WhiteElo "2550"]
[BlackElo "2415"]
[Annotator "TA"]
[PlyCount "70"]
[EventDate "2018.??.??"]
[EventType "swiss"]
[EventCountry "IND"]
[SourceTitle "playchess.com"]
[Source "ChessBase"]
[SourceQuality "1"]

{[%evp 20,70,45,21,26,25,40,7,0,14,13,-2,10,0,10,18,0,-39,-30,-24,7,0,0,0,0,-36,-38,-85,-14,-14,-14,-14,-14,-14,-12,-12,-12,-11,95,95,111,35,32,47,32,0,4,-1206,-1177,-29968,-29952,-6370,-6327]} 1. Nf3 Nf6 2. c4 g6 3. Nc3 Bg7 4. e4 d6 5. d4 O-O 6. Be2 e5 7. O-O Nc6 8. d5 Ne7 9. Qc2 Nd7 {E97: King's Indian: Classical Main Line (6...e5 7 0-0 Nc6): 8 Be3 and 8 d5 Ne7, not 9 Ne1} 10. Rd1 h6 11. b4 {LiveBook: 4 Games} a5 {The position is equal.} 12. bxa5 f5 $146 ({Predecessor:} 12... Rxa5 13. a4 b6 14. Ba3 Nc5 15. Bb4 Ra6 16. a5 f5 17. axb6 cxb6 18. Bxc5 bxc5 19. Rxa6 Bxa6 {½-½ (48) Salem,A (2608)-Saric,I (2660) Biel 2016}) 13. Ba3 Rxa5 14. Bb4 Ra8 15. a4 Nf6 16. c5 Nxe4 17. Nxe4 fxe4 18. Qxe4 Rf4 19. Qb1 Bg4 20. Ra2 Nf5 21. cxd6 cxd6 {Strongly threatening ...e4.} 22. a5 e4 23. Ne1 Bxe2 (23... Qg5 $1 $17 {Threatens to win with ...Rxf2!} 24. Bxg4 Rxg4) 24. Rxe2 $11 {g3 is the strong threat.} Qh4 {White must now prevent ...Bd4.} 25. g3 Qg4 26. Ng2 $1 {[%cal Rg2f4]} Qxe2 27. Nxf4 Qf3 28. Re1 g5 (28... Bd4 $11 {remains equal.} 29. Qxe4 Bxf2+ 30. Kf1 Qxe4 31. Rxe4 Bxg3 32. Nxg6 Kh7) 29. Rxe4 $16 Rc8 {[#]} ({Not} 29... Bd4 $2 30. Rxd4 $1 {[%mdl 512]} Rc8 31. Ne6 $18) 30. Ne6 (30. Bd2 $1 $16) 30... Rc1+ $1 $14 31. Qxc1 Qxe4 32. Qd2 Bd4 $40 {[%mdl 128] Black mounts an attack.} 33. Bc3 $2 {[%mdl 8192] [#]} (33. Nxd4 $11 Nxd4 34. Qe3 Ne2+ 35. Kf1 Nxg3+ 36. hxg3 Qxb4 37. Kg2) 33... Ne3 $1 $19 {[%csl Ge3][%cal Re4g2][%mdl 512]} 34. f3 (34. fxe3 Bxe3+) 34... Qb1+ 35. Qe1 Nc2+ {Precision: White = 34%, Black = 68%.} 0-1

[Event "16th Delhi GM Open 2018"]
[Site "Delhi"]
[Date "2018.01.14"]
[Round "8"]
[White "Lalith Babu M R"]
[Black "Saravana, Krishnan P"]
[Result "1/2-1/2"]
[WhiteElo "2542"]
[BlackElo "2323"]
[Annotator "TA"]
[PlyCount "69"]
[EventDate "2018.??.??"]
[EventType "swiss"]
[EventCountry "IND"]
[SourceTitle "playchess.com"]
[Source "ChessBase"]
[SourceQuality "1"]

{[%evp 23,69,31,28,22,22,4,34,49,47,27,43,6,8,25,27,11,14,0,0,0,0,0,0,0,16,0,18,18,20,20,23,19,24,0,19,10,20,0,0,0,21,0,0,0,0,0,0,0]} 1. d4 Nf6 2. Nf3 d5 3. c4 e6 4. Nc3 c5 5. cxd5 cxd4 6. Qxd4 exd5 7. e4 Nc6 8. Bb5 {D41: Queen's Gambit Declined: Semi-Tarrasch with 5 cxd5} dxe4 9. Qxd8+ Kxd8 10. Ng5 Be6 11. Nxe6+ (11. O-O Bb4 12. Ncxe4 Nxe4 13. Nxe4 Ke7 14. Be3 Rhd8 15. Nc5 Nd4 16. Nxe6 {½-½ (16) Bluebaum,M (2646)-So,W (2810) Tbilisi 2017}) 11... fxe6 12. Bxc6 bxc6 {LiveBook: 27 Games} 13. Bg5 Bb4 14. Rc1 Kd7 15. Ke2 Bxc3 {[#]} 16. Rxc3 $146 Nd5 17. Rc2 {[%mdl 1024] White has compensation.} Rhb8 18. Rd1 e5 19. Bc1 Rb4 20. Bd2 Rd4 21. Rdc1 Rf8 22. Be3 Nxe3 23. Kxe3 $11 {[%mdl 4096] Endgame KRR-KRR} Rf6 24. Rc3 Ra4 25. a3 Rg6 26. g3 Rd4 27. Rc5 Rgd6 28. Ra5 Rd3+ {The position is equal.} 29. Kxe4 R6d4+ $1 30. Kf5 Kd6 31. Rc2 Rf3+ 32. Kg5 Rf6 $1 33. Rac5 Rg6+ 34. Kf5 Rf6+ 35. Kg5 {Precision: White = 43%, Black = 75%.} 1/2-1/2

[Event "16th Delhi GM Open 2018"]
[Site "Delhi"]
[Date "2018.01.14"]
[Round "8"]
[White "Vaibhav, Suri"]
[Black "Mohammad Nubairshah Shaikh"]
[Result "1/2-1/2"]
[WhiteElo "2542"]
[BlackElo "2380"]
[Annotator "TA"]
[PlyCount "78"]
[EventDate "2018.??.??"]
[EventType "swiss"]
[EventCountry "IND"]
[SourceTitle "playchess.com"]
[Source "ChessBase"]
[SourceQuality "1"]

{[%evp 18,78,18,17,43,38,41,26,39,37,25,43,35,-18,-27,-25,-16,-26,0,3,15,-21,-8,-15,-11,-17,0,0,0,0,8,8,12,0,5,0,0,0,0,0,0,0,0,0,8,8,6,0,26,12,32,14,14,20,15,15,45,35,43,0,0,0,0]} 1. e4 c6 2. d4 d5 3. e5 c5 4. Nf3 cxd4 5. Nxd4 Nc6 6. Nxc6 {B12: Caro-Kann (Vorstoß-Variante)} bxc6 7. c4 e6 8. Nc3 {[%cal Bb1c3,Bc3b5,Bb5c7][%mdl 32]} Bc5 9. cxd5 cxd5 10. b4 {LiveBook: 7 Partien} Bb6 11. Nb5 Qh4 $146 {[%csl Gb6][%cal Rh4f2] [#]} ({Vorgänger:} 11... f6 12. Nd6+ Ke7 13. Bb2 {1-0 (50) Perunovic,M (2617)-Riazantsev,A (2689) Yerevan 2014}) 12. Qf3 {Und Sd6+ würde nun gewinnen.} f6 13. Qf4 Qxf4 14. Bxf4 Bd7 15. Rc1 ({Besser ist} 15. exf6 $14 Nxf6 16. Nc7+ Bxc7 17. Bxc7) 15... Ke7 $11 16. Nc7 Rf8 17. f3 $1 Nh6 18. exf6+ Kxf6 19. Bd3 Nf5 20. Bxf5 Kxf5 21. Bd6 $1 Rf7 22. Kd2 Rc8 23. Rhe1 g5 $132 {[%mdl 2048] Schwarz is not keeping still} 24. a4 Bxc7 25. Bxc7 h5 26. Re5+ Kf6 27. Re3 Kf5 $1 28. a5 Bb5 29. Be5 Rxc1 30. Kxc1 {[%mdl 4096] Endspiel KTL-KTL} Rf8 31. Kd2 Rc8 32. Bc3 Rc6 33. Re5+ Kg6 34. Bd4 a6 35. Be3 Kf6 36. Rxg5 e5 {[#] Droht ...d4 und aus.} 37. Rxh5 {Schwarz muss nun Lc5 beachten.} d4 38. Bf2 {Lg3 ist eine echte Drohung.} Rc3 39. h4 Ra3 {Precision: Weiß = 68%, Schwarz = 59%.} 1/2-1/2

[Event "16th Delhi GM Open 2018"]
[Site "Delhi"]
[Date "2018.01.14"]
[Round "8"]
[White "Karthikeyan, P.."]
[Black "Sankalp Gupta"]
[Result "1-0"]
[WhiteElo "2497"]
[BlackElo "2303"]
[Annotator "TA"]
[PlyCount "77"]
[EventDate "2018.??.??"]
[EventType "swiss"]
[EventCountry "IND"]
[SourceTitle "playchess.com"]
[Source "ChessBase"]
[SourceQuality "1"]

{[%evp 20,77,22,23,17,23,15,22,15,22,20,25,53,41,41,54,0,0,34,25,20,33,27,0,65,32,108,89,569,587,570,556,466,276,282,291,279,270,401,389,521,524,499,467,455,458,490,370,485,378,654,659,649,656,643,639,619,619,596,570]} 1. Nf3 Nf6 2. c4 g6 3. Nc3 d5 4. cxd5 Nxd5 5. Qb3 Nb6 6. d4 Bg7 7. Bf4 {D90: Grünfeld: 4 Nf3 Bg7 sidelines} Be6 8. Qa3 c5 9. e4 (9. Qxc5 Nc6 10. e4 Nxd4 11. Nxd4 Bxd4 12. Bb5+ Kf8 13. Qa3 a6 14. Be2 Nd7 {1-0 (57) Banusz,T (2616)-Sutovsky,E (2689) Austria 2017}) 9... cxd4 10. Nb5 O-O 11. Nc7 $1 {[%cal Rc7a8] LiveBook: 5 Games} Nc6 12. Nxa8 Qxa8 13. Rc1 f5 14. e5 Nd5 15. Bd2 $146 Nxe5 16. Nxd4 Bf7 17. Be2 Nb6 18. Qh3 ({But not} 18. Qxe7 $2 Nd3+ 19. Bxd3 Re8 $19) 18... Qd8 19. Bc3 Nd5 {[%cal Bb6d5,Bd5f4,Bf4e2][%mdl 32] [#] White must now prevent ...Nf4.} 20. O-O Qb6 21. a4 {[%cal Ba2a4,Ba4a5][%mdl 32]} Rd8 (21... Nxc3 $11 22. bxc3 Nd7) 22. a5 $36 {[%mdl 2048] White has the initiative.} Qc5 ({Better is} 22... Qd6 $14) 23. Rfd1 $16 {Threatens to win with Nxf5!} h5 $2 {[%mdl 8192] [#]} (23... Qc7 $16) 24. Nxf5 $1 $18 {[%mdl 512]} Nf4 (24... gxf5 25. Bxe5) 25. Rxd8+ Kh7 26. Qe3 (26. Nxg7 $142 Nxh3+ 27. gxh3) 26... Qxe3 27. fxe3 Nxe2+ 28. Kf1 Nxc3 (28... Nxc1 $142 29. Nxg7 Bc4+ 30. Ke1 Nc6) 29. Nxg7 ({Not} 29. Rxc3 gxf5 30. Rc7 Nc6 $11) 29... Na2 30. Rc5 Nc6 31. Rxc6 bxc6 {[%mdl 4096] Endgame KRN-KBN} 32. Ne8 Nb4 33. Nc7 Kg7 34. Ke1 a6 $2 (34... c5 35. Ra8 Nc6) 35. Kd2 {White is clearly winning.} c5 36. Ra8 Bc4 37. Kc3 Bf1 38. Ne6+ Kf7 39. Nxc5 {Precision: White = 83%, Black = 35%.} 1-0

[Event "16th Delhi GM Open 2018"]
[Site "Delhi"]
[Date "2018.01.14"]
[Round "8"]
[White "Horvath, Adam"]
[Black "Kathmale, Sameer"]
[Result "1-0"]
[WhiteElo "2484"]
[BlackElo "2300"]
[Annotator "TA"]
[PlyCount "77"]
[EventDate "2018.??.??"]
[EventType "swiss"]
[EventCountry "IND"]
[SourceTitle "playchess.com"]
[Source "ChessBase"]
[SourceQuality "1"]

{[%evp 20,77,67,36,29,34,35,29,31,37,45,35,165,178,284,258,327,303,288,318,316,297,429,448,600,599,708,715,720,700,700,701,702,681,681,681,1630,1551,1797,1627,1288,704,1831,1802,6314,5361,2905,1326,4866,1491,29983,29984,29982,29983,29983,29979,29986,29987,29993,29993]} 1. e4 c6 2. d4 d5 3. e5 Bf5 4. h4 h5 5. Bd3 Bxd3 6. Qxd3 e6 7. Bg5 {B12: Caro-Kann (Vorstoß-Variante)} Qa5+ (7... Be7 8. Nf3 c5 9. dxc5 Nd7 10. b4 Bxg5 11. hxg5 Ne7 12. Nc3 a5 13. Nb5 axb4 14. Nd6+ Kf8 {½-½ (52) Nepomniachtchi,I (2729)-Laznicka,V (2647) Riadh 2017}) 8. Nd2 Qa6 9. c4 Nd7 10. Ngf3 Ne7 11. b3 {LiveBook: 3 Partien} Nf5 12. O-O Bb4 13. Rfd1 Nb6 14. a4 Qa5 $146 ({Vorgänger:} 14... Be7 15. Bxe7 Nxe7 {0-1 (59) Sanchez Jerez,E (2201)-Aguero Jimenez,L (2415) Barcelona 2016}) 15. Nf1 dxc4 (15... Nc8 $14) 16. bxc4 $18 Be7 (16... O-O $142 17. Ne3 g6) 17. Ne3 g6 18. Nxf5 gxf5 19. Bxe7 Kxe7 20. Rdb1 Rhg8 (20... Rab8 {ist eine bessere Verteidigung.} 21. Ng5 Ke8) 21. Ng5 ({Schwächer ist} 21. c5 Nd7 $18) 21... Rad8 22. Qa3+ Kd7 23. Nxf7 Nxc4 24. Rxb7+ Kc8 25. Qb3 Nb6 26. Nxd8 Rxd8 27. Re7 {[%cal Bb7e7,Be7e6,Be6c6][%mdl 32]} Rd5 28. Rxe6 Rxd4 29. Rxc6+ Kb7 30. Qf3 {[#] Und Tc5+ würde nun gewinnen.} Re4 31. Re6 Qd5 32. Qxf5 {Beabsichtigt Df7+ und Matt.} Qd4 33. Rf1 Qxa4 34. Qxh5 Rxh4 35. Qf7+ {Weiß setzt Matt.} Ka6 36. Re7 Nc8 37. Qg6+ Ka5 38. Rc7 Rh8 39. Rc5+ {Precision: Weiß = 70%, Schwarz = 26%.} 1-0

[Event "16th Delhi GM Open 2018"]
[Site "Delhi"]
[Date "2018.01.14"]
[Round "8"]
[White "Deviatkin, Andrei"]
[Black "Amonatov, Farrukh"]
[Result "1-0"]
[WhiteElo "2471"]
[BlackElo "2636"]
[Annotator "TA"]
[PlyCount "105"]
[EventDate "2018.??.??"]
[EventType "swiss"]
[EventCountry "IND"]
[SourceTitle "playchess.com"]
[Source "ChessBase"]
[SourceQuality "1"]

{[%evp 12,105,6,-14,10,0,4,-2,1,4,26,10,45,33,42,33,26,9,54,57,97,96,96,96,96,96,96,101,95,106,108,101,115,109,134,115,154,141,191,178,340,256,402,360,296,254,281,282,242,233,276,200,696,664,1255,1153,1369,1287,2547,2391,2299,2247,2005,1989,1315,1327,1299,1233,1116,1165,1723,2177,2215,2172,1693,1712,2676,1757,656,324,661,652,620,598,575,494,2435,2195,1921,1995,2874,2556,29983,29984,29984,29985]} 1. Nf3 Nf6 2. b3 d6 3. d4 {[%cal Bd2d4,Bd4d5][%mdl 32]} c5 (3... g6 4. Bb2 Bg7 5. g3 Bd7 6. Bg2 Qc8 7. h4 O-O 8. c4 c5 9. Nc3 Nc6 10. d5 Ne5 11. Nxe5 dxe5 12. Qd2 Rb8 13. a4 {½-½ (41) Eljanov,P (2755)-Harika,D (2531) Malmo 2017}) 4. d5 g6 $146 ({Predecessor:} 4... e6 5. dxe6 fxe6 6. Bb2 Be7 7. e3 Nc6 8. Bd3 O-O 9. a3 Qc7 10. Nbd2 d5 11. O-O Kh8 {1-0 (43) Velasco,L (1813)-Munoz,L (1884) Pamplona 2012}) 5. Bb2 Bg7 6. c4 {A46: 1 d4 Nf6 2 Nf3 e6: Torre, London and Colle Systems} O-O 7. g3 {LiveBook: 4 Games} e6 8. dxe6 {The position is equal.} Bxe6 9. Bg2 Nc6 10. O-O Qe7 11. Nc3 Rad8 (11... d5 $5) 12. Ng5 Bf5 13. Qd2 (13. e4 $5 {[%cal Re4f5]} Nxe4 14. Ngxe4 Bxe4 15. Re1 $14) 13... h6 14. Nh3 Rfe8 (14... d5 $5) 15. Rae1 g5 16. e4 $36 {[%mdl 2048] White is really pushing.} Bxh3 17. Bxh3 Nd4 18. f3 a6 19. Nd1 b5 20. Ne3 bxc4 21. bxc4 Qc7 22. Bg2 Qc8 23. Qd3 Nd7 24. f4 Nf8 25. Kh1 Nfe6 $2 (25... Qc7 26. Nd5 Qd7) 26. Bc3 Qb8 (26... Nf8 $142 27. Ba5 Rd7) 27. Rb1 Qc8 28. Rf2 Qd7 29. Rbf1 Rb8 30. Nd5 Nc7 {[#]} 31. e5 $1 {[%mdl 512]} dxe5 $2 (31... Nxd5 32. Bxd5 g4 33. Bxd4 cxd4 34. Qxd4 Kh8) 32. fxg5 $18 Nxd5 33. Bxd5 {[%cal Rf2f7]} e4 34. Qe3 Kh8 35. Rxf7 Qh3 36. gxh6 Qxh6 37. R1f4 Re5 {[#]} 38. Rxg7 $1 {[%mdl 512] White wants to mate with Rd7.} Rh5 (38... Qxg7 39. Rh4+) 39. h4 (39. Rb7 $2 {leads to mate.} Rxh2+ 40. Kg1 Rh1+ 41. Kg2 Qh2#) 39... Qxg7 40. Rxe4 {Re8+ would kill now.} Rf5 41. Rxd4 cxd4 42. Bxd4 {[%cal Re3h6]} Rf6 43. Kg2 Rbf8 44. Qg5 Kh7 45. Qxg7+ Kxg7 46. g4 {[%cal Bg3g4,Bg4g5][%mdl 32]} Kg6 47. Bxf6 Kxf6 {[%mdl 4096] Endgame KR-KB} 48. Kg3 Rb8 (48... Ke5 $142 49. h5 Re8) 49. Kf4 Rb2 50. g5+ Kg6 51. c5 {[%cal Bc4c5,Bc5c6][%mdl 32]} Kh5 52. c6 Rb4+ 53. Ke5 {Precision: White = 93%, Black = 29%.} 1-0

[Event "16th Delhi GM Open 2018"]
[Site "Delhi"]
[Date "2018.01.14"]
[Round "8"]
[White "Vignesh N R"]
[Black "Sengupta, Deep"]
[Result "1/2-1/2"]
[WhiteElo "2470"]
[BlackElo "2586"]
[Annotator "TA"]
[PlyCount "66"]
[EventDate "2018.??.??"]
[EventType "swiss"]
[EventCountry "IND"]
[SourceTitle "playchess.com"]
[Source "ChessBase"]
[SourceQuality "1"]

{[%evp 9,66,0,45,87,42,43,44,15,13,14,5,8,16,7,31,15,27,26,77,43,43,54,69,72,70,67,70,61,44,42,59,9,9,22,29,13,21,40,14,28,32,4,20,-15,14,0,16,0,0,-7,0,0,0,0,0,0,0,0,0]} 1. e4 c5 2. Nf3 e6 3. d4 cxd4 4. Nxd4 Nc6 5. Nxc6 dxc6 (5... bxc6 {keeps more tension.} 6. Bd3 d5 7. O-O Bd6 8. Re1 Qc7) (5... bxc6 6. Bd3 Nf6 7. O-O d5 8. Nd2 Be7 9. b3 O-O 10. Bb2 a5 11. c4 Bb7 12. Re1 Qb6 13. Qf3 a4 14. Qh3 h6 15. Bc2 axb3 16. axb3 Rxa1 17. Rxa1 Rd8 18. e5 {½-½ (36) Peng,X (2410)-Zhou,J (2597) Sanya City 2017}) 6. Qxd8+ {B44: Sicilian: Taimanov: 5 Nb5} Kxd8 7. Be3 Nf6 8. f3 {White is slightly better.} Nd7 9. Nd2 Bc5 10. Bxc5 Nxc5 11. O-O-O Ke7 12. Nc4 $36 {[%mdl 2048] White fights for an advantage.} f6 13. e5 Nd7 $146 (13... b6 $11 {remains equal.}) 14. exf6+ gxf6 15. g3 Nb6 16. f4 h5 17. Na5 h4 18. Be2 Rb8 19. c4 Bd7 20. Rhg1 hxg3 21. hxg3 Rh2 22. Rd2 Be8 23. Bd1 Rxd2 24. Kxd2 Bg6 25. Ke3 Kd6 {The position is equal.} 26. Be2 Nd7 27. Bf3 Kc7 28. Rh1 e5 29. Rh6 Rg8 30. b4 Bb1 31. Rh1 Bf5 32. Rh5 Bg6 33. Rh6 Bb1 {Precision: White = 66%, Black = 55%.} 1/2-1/2

[Event "16th Delhi GM Open 2018"]
[Site "Delhi"]
[Date "2018.01.14"]
[Round "8"]
[White "Khusenkhojaev, Muhammad"]
[Black "Gajwa Ankit"]
[Result "1-0"]
[WhiteElo "2462"]
[BlackElo "2284"]
[Annotator "TA"]
[PlyCount "83"]
[EventDate "2018.??.??"]
[EventType "swiss"]
[EventCountry "IND"]
[SourceTitle "playchess.com"]
[Source "ChessBase"]
[SourceQuality "1"]

{[%evp 20,83,7,-11,27,0,75,63,78,24,76,77,96,0,0,0,0,0,0,-14,0,0,14,-10,0,-12,-21,-38,0,0,0,-90,-110,-96,122,118,220,207,215,0,0,0,45,0,42,45,40,55,516,525,522,475,481,467,440,449,467,463,419,378,392,381,374,386,348,286]} 1. Nf3 Nf6 2. c4 g6 3. g3 Bg7 4. Bg2 O-O 5. d4 d6 6. O-O Nbd7 7. Nc3 e5 8. e3 c6 9. a4 a5 10. b3 Re8 11. Ba3 {LiveBook: 36 Games. E67: King's Indian: Fianchetto: 6...Nbd7} Nf8 $146 ({Find the theoretical novelty and annotate with similar games:} 11... exd4 12. exd4 Nb6 13. Re1 Rxe1+ 14. Qxe1 Bf5 15. Qd2 {½-½ (15) Turov,M (2630)-Vovk,Y (2564) Dieren 2011}) 12. d5 c5 (12... e4 $1 $11 13. Nd4 Bg4) 13. Nd2 {White is better.} h5 14. h3 ({White should try} 14. Ra2 $16) 14... N8h7 (14... e4 $11) 15. e4 $16 h4 16. Nf3 ({Don't play} 16. gxh4 Nh5 $15) ({Better is} 16. g4 $1 $16) 16... hxg3 $11 17. fxg3 Nh5 $1 {[%cal Rh5g3]} 18. Ne2 $1 f5 19. Qc2 Bf6 20. Rae1 b6 21. Bc1 Ra7 22. Nh2 {[%cal Re4f5]} Bg5 23. exf5 Bxc1 24. Rxc1 gxf5 25. g4 {[#]} (25. Rxf5 $11 {remains equal.} Bxf5 26. Qxf5) 25... fxg4 $1 $17 26. hxg4 Rg7 $2 (26... N5f6 $17 27. g5 Ng4 28. Nxg4 Bxg4) 27. gxh5 $16 {Hoping for h6.} Bh3 (27... Qh4 $16 {was necessary.}) 28. Rf2 $18 Qg5 29. Nc3 $2 (29. Qe4 $18) 29... Rf8 $11 30. Re2 $1 {Threatens to win with Kh1.} Nf6 31. Qd2 {aiming for h6.} (31. Kh1 $5 {[%cal Rg2h3]} Nxh5 32. Ne4 $16) 31... Qh4 32. h6 Rg6 $1 {Black wants to play ...Nh5.} 33. Rf1 $1 {Strongly threatening Nb5.} Rxh6 $2 {[%mdl 8192]} (33... Kh7 $1 $14) 34. Bxh3 $18 Qxh3 35. Qg5+ Kh8 {[#] And now ...Rg8 would win.} 36. Rf3 $1 {[%cal Rf3h3]} ({And not} 36. Rg2 Rg8 $17) 36... Rg8 {[#]} 37. Qxg8+ $1 {[%mdl 512]} Kxg8 (37... Nxg8 38. Rxh3) 38. Rxh3 Rxh3 39. Rc2 Kf7 40. Kg2 Rd3 41. Nf1 Ke7 42. Kg1 {Precision: White = 41%, Black = 40%.} 1-0